00351pab a2200133 454500008004000000100002400040245006500064260000900129300001200138362001200150650002500162650001700187773001300204180718b1975 xxu||||| |||| 00| 0 eng d aBhattacharya, Mohit aUrbanization and urban problems in India: Some policy issues c1975 ap.1-14. aOct-Dec aUrbanization - India aUrbanization aNagarlok